| 000 | 00720nam a2200193 a 4500 | ||
|---|---|---|---|
| 008 | 120416s1935 ||||||||||||||||| || u | ||
| 050 | _aQD 101 Tal | ||
| 100 | _aTalbot, Henry P | ||
| 245 | 1 | 3 | _aAn introductory course of quantitative chemical analysis with explanatory notes |
| 250 | _a7th ed. | ||
| 260 |
_aNew York _bMacmillan _c1935 |
||
| 300 | _axii, 253p. : ill. | ||
| 350 | _a0.00 | ||
| 650 | _aCHEMISTRY, ANALYTIC--QUANTITATIVE | ||
| 650 | 0 | _aCHEMISTRY--HANDBOOKS, MANUALS, ETC | |
| 700 | _aSimpson, S. G | ||
| 700 | _aHamilton, L. F | ||
| 995 |
_D0.00 _FCBU-MAIN LIBRARY (Kitwe) _H1 _I5.60 _M1 _UAVAILABLE _WApr 25, 2007 _ZAnnex Low-Usage Collection |
||
| 999 |
_c48103 _d48103 |
||